Match the State with No of Electoral Votes (25 to 50) Quiz Stats

 Plays Quiz not verified by Sporcle

Score 0/26 Timer 10:00
0 Plays Today
% Correct
Alaska
100%
District of Columbia
100%
Oregon
96.2%
Iowa
96.2%
Nebraska
96.2%
Hawaii
96.2%
Maine
96.2%
New Hampshire
96.2%
Delaware
96.2%
South Dakota
96.2%
North Dakota
96.2%
Vermont
96.2%
Wyoming
96.2%
% Correct
Kentucky
92.3%
Mississippi
92.3%
Arkansas
92.3%
Nevada
92.3%
New Mexico
92.3%
West Virginia
92.3%
Idaho
92.3%
Rhode Island
92.3%
Montana
92.3%
Oklahoma
88.5%
Connecticut
88.5%
Utah
88.5%
Kansas
88.5%

You're not logged in!

Compare scores with friends on all Sporcle quizzes.
OR
Log In

You Might Also Like...

Show Comments

Extras

Top Quizzes Today


Score Distribution

Your Account Isn't Verified!

In order to create a playlist on Sporcle, you need to verify the email address you used during registration. Go to your Sporcle Settings to finish the process.

Report this User

Report this user for behavior that violates our Community Guidelines.

Details: